Contame [juego] : inicios /
Guardado en:
| Formato: | Objeto Físico |
|---|---|
| Publicado: |
Argentina :
Tinkuy,
2010.
|
| Materias: | |
| Etiquetas: |
Agregar Etiqueta
Sin Etiquetas, Sea el primero en etiquetar este registro!
|
| LEADER | 00719nrm a22001695g 4500 | ||
|---|---|---|---|
| 001 | CEM.cems019570 | ||
| 008 | 220923s2010##################0###0#####d | ||
| 005 | 20221003154432.0 | ||
| 245 | 0 | 0 | |a Contame [juego] : |b inicios / |c Tinkuy. |
| 260 | |a Argentina : |b Tinkuy, |c 2010. | ||
| 300 | |a 1 juego (1 mazo de cartas. Contiene 50 naipes) ; en caja 7 x 10 x 2 cm. + manual de instrucciones. | ||
| 500 | |a Para 2 o más jugadores a partir de 10 años objetivo: Crear y contar una historia a partir de las cartas obtenidas. | ||
| 020 | |a 9789877783841 | ||
| 082 | 0 | 4 | |a J793.734 |
| 653 | |a 1. juegos de formación y utilización de palabras | ||
| 653 | |a 2. juegos de palabras | ||
| 859 | |a CEMS |b BIB. CEMS - Ludoteca |h J793.734 |i T495-1 |p 461.22 |t Ej.1 | ||
